| 000 | 01096nam a2200253 i 4500 | ||
|---|---|---|---|
| 001 | 182700 | ||
| 003 | ES-MaACL | ||
| 005 | 20250824202555.0 | ||
| 007 | t| | ||
| 008 | 131010s1872 sp |||| | spa d | ||
| 080 | _a821.134.2-21"15" | ||
| 100 | 1 |
_aMuñón, Sancho de. _9153644 |
|
| 245 | 1 | 0 | _aTragicomedia de Lisandro y Roselia, llamada Elicia, y por otro nombre cuarta obra y tercera Celestina. |
| 260 |
_aMadrid : _b[s.n.], _c1872 ( _fImp. y Estereotipia de M. Rivadeneyra) |
||
| 300 |
_aX, XVI, 300 p., [1] h. de lám. ; _c19 cm. |
||
| 490 | 1 |
_aColección de libros españoles raros o curiosos ; _v3 |
|
| 530 | _aDisponible en formato digital. | ||
| 594 | _aAutor: Sancho de Muñón (Catálogo BNE) | ||
| 830 | 1 | 0 |
_aColección de libros españoles raros o curiosos _v3 _9187911 |
| 852 |
_aES-MaACL _jR-2170-91. Olim: G-13952. |
||
| 856 |
_uhttps://bibliotecadigital.jcyl.es/es/consulta/registro.do?id=2019 _zBiblioteca Digital de Castilla y León |
||
| 856 |
_uhttps://archive.org/details/tragicomediadel00raygoog/page/n12 _zInternet Archive |
||
| 999 |
_c182700 _d182700 |
||